02545nam a2200313 i 4500001001000000003000900010005001700019007000300036008004000039020001800079040003400097082003000131100005800161245005900219264004500278300004500323336002700368337003300395338002800428505145400456590002601910650002401936650004101960650003602001910004102037942001202078952012402090999001702214000017293DO-SdBPM20260225121222.0ta100322s2011 dr a 000 0 spa d a9789945465082 aDO-SdBPMbspacBPMSU erdad  4a398.245bR696f 2011 2221 aRodríguez Demorizi, Emilio,d1908-1986eautor4aut.10aFábulas dominicanas /cEmilio Rodríguez Demorizi ; 4aSanto Domingo :b Editorial ECP, c2011 a122 páginas :bilustraciones ;c32 cm. atextobtxt2rdacontent asin mediaciónbn2rdamedia avolumenbnc2rdacarrier0 aIntroducción, 9.-- José Núñez de Cáceres (1772-1846). La lechuza y la cigüeña, 21.-- El conejo, los corderos y el pastor, 26.-- La araña y el águila, 31.-- El mulo y la acémila, 34.-- El lobo y la raposa, 37.-- El abejarrón y la abeja, 42.-- El palomo, la paloma y la lechuza, 45.-- los topos en consejo, 50.-- El burro estudiante y el mulo médico, 55.-- El camello y el dromedario, 59.-- El tigre y el lobo reconciliados, 64.-- Felipe Dávila Fernández de Castro (1804-1879). Los tres relojes, 71.-- El borrico basurero, 74.-- El tordo diputado, 79.-- Las mariposas y el elefante, 85.-- El arco y el ídolo, 88.-- El león y sus vasallos, 90.-- Félix María del Monte (1819-1899). El hombre, el árbol y el toro, 95.-- Nicolás Ureña de Mendoza (1822-1875). El loro y el ratón, 103.-- Juan Antonio Alix (1833-1917). Fábula de los tres leones, 111.-- M. de J. de Peña y Reynoso (1834-1915). Las dos palmas, 115.-- El tocoloro, 119.-- El calórico y la luz, 122.-- José Dubeau y Bremón (1857-1925). El águila, el león y la zorra, 127.-- Pablo Pumarol (1856-1889). El petirre y el murciélago, 133.-- El carpintero y el gavilán, 137.-- Los pavos y el avestruz, 141.-- El gallo y el pollo, 144.-- El alcatraz y el reiconso, 147.-- José María Jiménez (1860-1942). La nube y el trueno, 153.-- Luis Emilio Garrido (1874-1904). A rey muerto, 159.-- Fábulas diversas. La fragata y la canoa, 165. aInventariado, 2026/VM 7aPoesía dominicana 7a Autores dominicanos vBiografías 7aFábulas xAnimales y leyendas aVMateo V. Control de calidad. BPMSU  2ddccBK 00102ddc708CDaBPMETbBPMETd2026-02-25l0oBPMSU CD 398.245 R696f 2011 pBPMSU26020139r2026-02-25w2026-02-25yBK c15736d15736